[Event "Blackburne Friday Night Marathon"]
[Site "Berkeley"]
[Date "2009.04.17"]
[Round "6.2"]
[White "Watson, Farid Mark"]
[Black "Rozenblatt, Daniel"]
[Result "0-1"]
[WhiteElo "1938"]
[BlackElo "1669"]
[PlyCount "100"]
[EventDate "2009.??.??"]
[SourceDate "2007.10.22"]

1. e4 e6 2. d4 d5 3. Nc3 Nf6 4. Bg5 Be7 5. e5 Nfd7 6. Bxe7 Qxe7 7. f4 c5 8. Nf3
Nc6 9. Qd2 cxd4 10. Nxd4 Ndxe5 11. O-O-O Ng6 12. Nxd5 Qd8 13. f5 Qxd5 14. fxg6
hxg6 15. Qc3 O-O 16. Bc4 Nxd4 17. Rxd4 Qxg2 18. Rdd1 b5 19. Rhg1 Qc6 20. Be2
Qxc3 21. bxc3 a6 22. h4 Bb7 23. h5 gxh5 24. Rg5 Rad8 25. Rdg1 g6 26. Rxh5 Rd5
27. Rh4 Rc5 28. Rg3 Kg7 29. Rgh3 Rc7 30. Kb2 Rfc8 31. Rh7+ Kf6 32. Rh2 Be4 33.
Rf2+ Bf5 34. Rf3 e5 35. Rh4 Kg7 36. Re3 e4 37. Rh1 Rd7 38. Kb3 Be6+ 39. Kb2 f5
40. Rg1 Bc4 41. Bh5 Rd6 42. Reg3 Rcc6 43. a3 Rf6 44. Rh3 f4 45. Bg4 Be6 46.
Bxe6 Rcxe6 47. Rgh1 g5 48. Rh7+ Kg6 49. Kc1 Rd6 50. Re7 e3 0-1

[Event "BCC Adolf Anderssen Friday Night Marath"]
[Site "Berkeley"]
[Date "2009.02.13"]
[Round "6"]
[White "Watson, Farid Mark"]
[Black "Rozenblatt, Daniel"]
[Result "1/2-1/2"]
[WhiteElo "1968"]
[BlackElo "1398"]
[PlyCount "101"]
[EventDate "2009.??.??"]
[SourceDate "2007.10.22"]

1. e4 c5 2. Nf3 Nf6 3. Nc3 d6 4. d4 cxd4 5. Nxd4 Nc6 6. Bg5 e6 7. Qd2 Be7 8.
Bc4 Qb6 9. O-O-O Qxd4 10. Qxd4 Nxd4 11. Rxd4 a6 12. Re1 b5 13. Bb3 h6 14. Bh4
Bb7 15. f3 Rd8 16. a4 g5 17. Bf2 e5 18. Rd3 b4 19. Nd5 Nxd5 20. Bxd5 Bxd5 21.
Rxd5 Rc8 22. Kb1 Rc6 23. Red1 f6 24. Be1 Rb6 25. Ka2 Kd7 26. Kb3 Rhb8 27. Bf2
Rc6 28. Rc5 Kc7 29. Rxc6+ Kxc6 30. Rd5 h5 31. Be1 Bd8 32. h4 Bb6 33. hxg5 fxg5
34. Bd2 Bc5 35. Bxg5 Rg8 36. f4 exf4 37. Bxf4 Rg4 38. Rf5 h4 39. Rf6 Rxg2 40.
e5 Rg7 41. Rh6 Rg4 42. Bh2 Rd4 43. exd6 Bxd6 44. Bxd6 Rxd6 45. Rxh4 a5 46. Rh5
Rd5 47. Rxd5 Kxd5 48. c3 bxc3 49. Kxc3 Kc5 50. b3 Kd5 51. Kb2 {
a theoretical draw} 1/2-1/2

[Event "BCC Grand ReOpening 2007"]
[Site "?"]
[Date "2007.10.14"]
[Round "6"]
[White "Watson, Farid"]
[Black "Shaughnessy, Stephen"]
[Result "1-0"]
[WhiteElo "1954"]
[BlackElo "1678"]
[PlyCount "61"]
[EventDate "2007.??.??"]
[SourceDate "2007.10.22"]

1. e4 e5 2. Nf3 Nc6 3. Bb5 Nd4 4. Nxd4 exd4 5. d3 c6 6. Bc4 d5 7. Bb3 Bd6 8.
Qe2 Be6 9. f4 Ne7 10. O-O Qc7 11. Qf2 f6 12. Kh1 c5 13. c3 Qb6 14. Qe2 O-O-O
15. Nd2 h5 16. exd5 Bg4 17. Qf2 Ng6 18. Nc4 Qc7 19. Nxd6+ Qxd6 20. cxd4 f5 21.
dxc5 Qf6 22. Be3 h4 23. h3 Bh5 24. c6 b6 25. Bxb6 axb6 26. Qxb6 Qe7 27. Bc4 Rd7
28. Ba6+ Rb7 29. Bxb7+ Kb8 30. Ba6+ Ka8 31. c7 1-0

[Event "Shorman Sunday Night Marathon"]
[Site "?"]
[Date "2007.12.09"]
[Round "1"]
[White "Watson, Farid"]
[Black "Shaugnessy, Elizabeth"]
[Result "1-0"]
[WhiteElo "1940"]
[BlackElo "1593"]
[Annotator ",Elizabeth"]
[PlyCount "80"]
[EventDate "2007.12.09"]
[SourceDate "2007.10.22"]

1. e4 e5 2. Nf3 Nc6 3. Bb5 Nd4 4. Nxd4 exd4 5. O-O c6 6. Ba4 d5 7. exd5 Qxd5 8.
Bb3 Qf5 9. d3 Be7 10. Re1 Bd7 11. Nd2 O-O-O 12. Nc4 Be6 13. Ne5 Bd6 14. Bxe6+
fxe6 15. Qe2 Nh6 16. Qe4 Rhf8 17. Nf3 e5 18. Bxh6 gxh6 19. Qxf5+ Rxf5 20. Re4
Rg8 21. Kf1 h5 22. h3 Rgf8 23. Rae1 Kd7 24. R1e2 Re8 25. Nxd4 Rf4 26. Rxf4 exf4
27. Rxe8 Kxe8 28. Nf5 Be5 29. d4 Bf6 30. Ke2 Kd7 31. Kf3 Ke6 32. Kxf4 Kd5 33.
g4 hxg4 34. hxg4 h6 35. Ke3 c5 36. c3 Bg5+ 37. f4 Bf6 38. dxc5 Kxc5 39. Nxh6
Kc4 40. g5 Be7 {(Black resigns upon reaching time control)} 1-0

[Event "Blackburne Friday Night Marathon"]
[Site "Berkeley"]
[Date "2009.03.27"]
[Round "3.2"]
[White "Watson, Farid Mark"]
[Black "Sherwood, Peter"]
[Result "0-1"]
[WhiteElo "1938"]
[BlackElo "1703"]
[PlyCount "110"]
[EventDate "2009.??.??"]
[SourceDate "2007.10.22"]

1. e4 c5 2. Nf3 d6 3. d4 cxd4 4. Nxd4 Nf6 5. Nc3 a6 6. Be3 e5 7. Nb3 Be6 8. f3
d5 9. exd5 Nxd5 10. Nxd5 Qxd5 11. Qxd5 Bxd5 12. c4 Bc6 13. O-O-O Nd7 14. Bd3 a5
15. Rhe1 a4 16. Nd2 O-O-O 17. Be4 Kc7 18. Bxc6 Kxc6 19. Ne4 f6 20. a3 Bc5 21.
Kc2 Bxe3 22. Rxe3 Nc5 23. Nxc5 Kxc5 24. Red3 Rd4 25. b4+ axb3+ 26. Kxb3 Rhd8
27. Rxd4 Rxd4 28. Rxd4 exd4 29. g3 b6 30. h3 g5 31. f4 {draw offer} gxf4 32.
gxf4 f5 33. h4 {draw offer} h5 34. a4 d3 35. Kc3 d2 36. Kxd2 Kxc4 37. Ke3 Kc3
38. Ke2 Kb4 39. Kd3 Kxa4 40. Kd4 b5 41. Ke5 b4 42. Kxf5 b3 43. Kg5 b2 44. Kxh5
b1=Q 45. Kg5 Qg1+ 46. Kf6 Qg4 47. f5 Qxh4+ 48. Ke6 Qg4 49. Ke5 Qg3+ 50. Ke6
Qe3+ 51. Kf7 Kb5 52. f6 Kc6 53. Kf8 Qg5 54. f7 Kd6 55. Ke8 Qe7# 0-1

[Event "BCC Championship"]
[Site "Berkeley"]
[Date "2008.12.12"]
[Round "7.2"]
[White "Watson, Farid Mark"]
[Black "Sherwood, Peter"]
[Result "0-1"]
[WhiteElo "1955"]
[BlackElo "1732"]
[PlyCount "70"]
[EventDate "2008.??.??"]
[SourceDate "2007.10.22"]

1. e4 c5 2. Nf3 d6 3. d4 cxd4 4. Nxd4 Nf6 5. Nc3 a6 6. Be3 e5 7. Nb3 Be6 8. f3
Nbd7 9. Qd2 Be7 10. g4 Nb6 11. g5 Nfd7 12. O-O-O Nc4 13. Bxc4 Bxc4 14. f4 Rc8
15. Qg2 O-O 16. f5 f6 17. h4 b5 18. Rhg1 b4 19. g6 h6 20. Na4 Qc7 21. Kb1 Qc6
22. Qd2 Qxa4 23. Bxh6 Nc5 24. Bxg7 Kxg7 25. h5 Rh8 26. h6+ Rxh6 27. Qg2 Rch8
28. Rh1 Rxh1 29. Rxh1 Rxh1+ 30. Qxh1 Bg8 31. Qf3 Qc6 32. Nd2 d5 33. Qh1 dxe4
34. Nf1 Qd5 35. Ng3 Qxa2+ 0-1

[Event "David Pruess FNM; 30/90, SD/30"]
[Site "Berkeley"]
[Date "2008.10.10"]
[Round "6.2"]
[White "Watson, Farid Mark"]
[Black "Sherwood, Peter"]
[Result "1-0"]
[WhiteElo "1963"]
[BlackElo "1755"]
[PlyCount "59"]
[EventDate "2008.??.??"]
[SourceDate "2007.10.22"]

1. e4 c5 2. Nf3 d6 3. d4 cxd4 4. Nxd4 Nf6 5. Nc3 a6 6. Be3 e5 7. Nf3 Be7 8. h3
Be6 9. Qd2 Nbd7 10. Ng5 O-O 11. Nxe6 fxe6 12. Bc4 Kf7 13. a3 Qc7 14. Ba2 Nb6
15. Qe2 Rac8 16. Rd1 Nc4 17. Bc1 Rfd8 18. O-O d5 19. Kh1 Qc6 20. f4 Kg8 21.
fxe5 Nxe4 22. Nxe4 dxe4 23. Rxd8+ Bxd8 24. Qf2 Qe8 25. Qf4 b5 26. Qxe4 Bb6 27.
c3 h6 28. Bb1 g6 29. Bxh6 Bc5 30. Rf6 1-0

[Event "Purdy FNM; 30/90, SD/30"]
[Site "Berkeley"]
[Date "2010.01.29"]
[Round "4.3"]
[White "Watson, Farid Mark"]
[Black "Sherwood, Peter"]
[Result "1/2-1/2"]
[WhiteElo "1971"]
[BlackElo "1707"]
[PlyCount "129"]
[EventDate "2010.??.??"]
[SourceDate "2007.10.22"]

1. e4 c5 2. Nf3 d6 3. d4 cxd4 4. Nxd4 Nf6 5. Nc3 a6 6. Be3 e5 7. Nb3 Be6 8. f3
Nbd7 9. g4 Nb6 10. Qd2 Rc8 11. g5 Nfd7 12. O-O-O Qc7 13. h4 d5 14. exd5 Nxd5
15. Nxd5 Bxd5 16. Rh3 Be6 17. Rh2 Be7 18. Bd3 Bxb3 19. axb3 Nc5 20. Bxc5 Bxc5
21. c3 O-O 22. Qc2 h5 23. Bc4 b5 24. Bd5 Be3+ 25. Kb1 Bf4 26. Rg2 Kh8 27. g6 f6
28. Qf5 Rcd8 29. Rgd2 Rd7 30. Qxh5+ Bh6 31. c4 Rfd8 32. Rd3 Qc5 33. Qf5 Qc7 34.
Bf7 Rd4 35. Bd5 Rxh4 36. Qe6 Rb8 37. Qxa6 bxc4 38. bxc4 Rh2 39. b3 Rh4 40. Be4
f5 41. Qd6 Qxd6 42. Rxd6 Bg5 43. Bxf5 Rxb3+ 44. Ka2 Rb8 45. Be4 Rh2+ 46. Ka3
Be7 47. c5 Bxd6 48. cxd6 Kg8 49. d7 Rd8 50. Kb4 Kf8 51. Kc5 Ke7 52. Kc6 Ra2 53.
Rd5 Ra6+ 54. Kb5 Re6 55. Bf5 Rxd7 56. Rxd7+ Kxd7 57. Kc5 Ke7 58. Kd5 Ra6 59.
Kxe5 Rf6 {draw offer} 60. Kf4 Kd6 61. Kg5 Ke7 62. Be4 Kd6 63. f4 Ke7 64. f5 Kd6
65. Bc2 1/2-1/2

[Event "Berkeley CC Reti FNM; 30/90, SD/60"]
[Site "Berkeley CA"]
[Date "2011.05.06"]
[Round "3.2"]
[White "Watson, Farid Mark"]
[Black "Smail, John"]
[Result "1-0"]
[WhiteElo "2016"]
[BlackElo "1871"]
[PlyCount "49"]
[EventDate "2011.??.??"]
[SourceDate "2007.10.22"]

1. e4 e6 2. d4 d5 3. Nc3 Bb4 4. e5 Qd7 5. a3 Bxc3+ 6. bxc3 b6 7. a4 f5 8. Nh3
Ne7 9. Qh5+ g6 10. Qh6 Ng8 11. Qe3 Bb7 12. Nf4 Nc6 13. Bb5 a6 14. Be2 Na5 15.
Qh3 Ne7 16. Qh4 O-O 17. Qg5 Kh8 18. h4 Rf7 19. h5 gxh5 20. Bxh5 Rg8 21. Qh6
Rfg7 22. Nxe6 Qc6 23. Bd2 Ng6 24. Bxg6 Qxe6 25. Qxh7+ 1-0

[Event "Blackburne Friday Night Marathon"]
[Site "Berkeley"]
[Date "2009.04.10"]
[Round "5.2"]
[White "Watson, Farid Mark"]
[Black "Sowell, Nelson M"]
[Result "1/2-1/2"]
[WhiteElo "1938"]
[BlackElo "1720"]
[PlyCount "103"]
[EventDate "2009.??.??"]
[SourceDate "2007.10.22"]

1. e4 Nf6 2. e5 Nd5 3. d4 d6 4. Nf3 Bg4 5. Be2 e6 6. O-O Be7 7. c4 Nb6 8. exd6
cxd6 9. b3 O-O 10. Nc3 Nc6 11. h3 Bh5 12. Be3 d5 13. c5 Nd7 14. b4 a6 15. a4
Nxb4 16. Qb3 a5 17. Bf4 Bg6 18. Nb5 Rc8 19. Bd2 Nc6 20. Rfe1 b6 21. cxb6 Qxb6
22. Bd3 Nb4 23. Bxg6 hxg6 24. Rac1 Nf6 25. Bf4 Ne4 26. Bc7 Qb7 27. Bxa5 Nc6 28.
Bd2 Nxd2 29. Nxd2 Bg5 30. Rcd1 Na5 31. Qg3 Bxd2 32. Rxd2 Nc4 33. Ra2 Rc6 34.
Qd3 Ra8 35. Rb1 Rb6 36. Nc3 Rb3 37. Qc2 Rb4 38. Nb5 Rxb1+ 39. Qxb1 Qb6 40. Qd1
Ra5 41. Kf1 Qa6 42. Qc2 Nb6 43. Qc6 Nc4 44. Qxa6 Rxa6 45. Ke2 Kf8 46. Kd3 Ke7
47. Kc3 Kd7 48. Kb4 Kc6 49. Rc2 Kb6 50. Ra2 Ra8 51. Rc2 Rb8 52. Ra2 1/2-1/2

[Event "Berkeley CC De Firmian FNM; 30/90, SD/30"]
[Site "Berkeley"]
[Date "2012.04.06"]
[Round "2.1"]
[White "Watson, Farid Mark"]
[Black "Sowell, Nelson M"]
[Result "1-0"]
[WhiteElo "2025"]
[BlackElo "1700"]
[PlyCount "39"]
[EventDate "2012.??.??"]

1. e4 Nf6 2. Nc3 d5 3. exd5 Nxd5 4. d4 Nxc3 5. bxc3 g6 6. Bd3 Bg7 7. Nf3 c5 8.
h3 O-O 9. O-O cxd4 10. cxd4 Bxd4 11. Nxd4 Qxd4 12. Be3 Qa4 13. Qe2 Nc6 14. Bh6
Re8 15. Bc4 a6 16. Rfe1 Bd7 17. Rad1 Rad8 18. Rxd7 Rxd7 19. Bxf7+ Kxf7 20. Qe6#
1-0

[Event "Purdy FNM; 30/90, SD/30"]
[Site "Berkeley"]
[Date "2010.01.08"]
[Round "1.4"]
[White "Watson, Farid Mark"]
[Black "Yan, Jimmy"]
[Result "1-0"]
[WhiteElo "1971"]
[BlackElo "1402"]
[PlyCount "59"]
[EventDate "2010.??.??"]
[SourceDate "2007.10.22"]

1. e4 c5 2. Nf3 d6 3. d4 cxd4 4. Nxd4 Nf6 5. Nc3 a6 6. Be3 Nc6 7. f3 g6 8. Qd2
Bg7 9. O-O-O O-O 10. g4 e5 11. Nxc6 bxc6 12. Qxd6 Bd7 13. g5 Ng4 14. fxg4 Bxg4
15. Qxd8 Rfxd8 16. Rxd8+ Rxd8 17. Bxa6 Be6 18. Rd1 Rxd1+ 19. Kxd1 f6 20. h4 f5
21. Bc5 fxe4 22. Nxe4 h6 23. a4 hxg5 24. hxg5 Bd5 25. Bd3 Be6 26. a5 Bc8 27. a6
Bf8 28. Bxf8 Kxf8 29. Nd6 Bg4+ 30. Be2 1-0

[Event "Berkeley CC Christiansen FNM; 30/90, SD/"]
[Site "Berkeley"]
[Date "2012.05.25"]
[Round "3.4"]
[White "Woebcke, Carl"]
[Black "Acosta, Anthony Ro"]
[Result "0-1"]
[WhiteElo "1831"]
[BlackElo "1752"]
[PlyCount "84"]
[EventDate "2012.??.??"]

1. e4 d5 2. exd5 Qxd5 3. Nc3 Qa5 4. d4 Nf6 5. Bc4 Bg4 6. f3 Bh5 7. Bd2 c6 8.
Nd5 Qd8 9. Nxf6+ gxf6 10. Ne2 Bg6 11. Bc3 h5 12. Nf4 Rg8 13. d5 Bh6 14. Nxg6
Rxg6 15. Qe2 Qd6 16. Rd1 Qf4 17. d6 e5 18. g3 Qe3 19. d7+ Nxd7 20. Bxf7+ Kxf7
21. Rxd7+ Ke6 22. Qxe3 Bxe3 23. Rxb7 Rgg8 24. Ke2 Bb6 25. Rd1 Kf5 26. Re7 Rad8
27. Red7 Rxd7 28. Rxd7 Bg1 29. Rh7 Kg6 30. Rc7 Bxh2 31. g4 h4 32. Rxc6 h3 33.
Rd6 Bg1 34. Bxe5 Re8 35. Rxf6+ Kh7 36. Rf5 h2 37. Rh5+ Kg6 38. f4 Re7 39. Kf3
Rd7 40. f5+ Kf7 41. Rh7+ Ke8 42. Rxd7 h1=Q+ 0-1

[Event "Berkeley CC Reti FNM; 30/90, SD/60"]
[Site "Berkeley CA"]
[Date "2011.05.06"]
[Round "3.5"]
[White "Woebcke, Carl"]
[Black "Belanoff, Ted"]
[Result "0-1"]
[WhiteElo "1788"]
[BlackElo "2034"]
[PlyCount "58"]
[EventDate "2011.??.??"]
[SourceDate "2007.10.22"]

1. e4 e5 2. f4 exf4 3. Nf3 g5 4. h4 g4 5. Ne5 f3 6. gxf3 g3 7. Bc4 d5 8. Bxd5
Bd6 9. d4 g2 10. Rg1 Qxh4+ 11. Ke2 Bxe5 12. dxe5 c6 13. Bb3 Bh3 14. Qd6 Qg3 15.
Be3 Qg6 16. Nc3 Nd7 17. Rad1 Qxd6 18. exd6 Ngf6 19. Bd4 Rg8 20. e5 Nh5 21. Kf2
Nf4 22. Ne4 Be6 23. Bxe6 fxe6 24. Nc5 Nxc5 25. Bxc5 Kd7 26. Ke3 Nh3 27. f4 b6
28. Bb4 Rg3+ 29. Ke4 Nf2+ 0-1

[Event "Berkeley CC Capablanca FNM; 30/90, SD/3"]
[Site "Berkeley"]
[Date "2011.10.07"]
[Round "4.4"]
[White "Woebcke, Carl"]
[Black "Gaffagan, Steven"]
[Result "0-1"]
[WhiteElo "1832"]
[BlackElo "2072"]
[PlyCount "82"]
[EventDate "2011.??.??"]
[SourceDate "2007.10.22"]

1. e4 c6 2. d4 d5 3. Nc3 dxe4 4. Nxe4 Bf5 5. Ng3 Bg6 6. Nf3 Nd7 7. h4 h6 8. h5
Bh7 9. Bd3 Bxd3 10. Qxd3 e6 11. Bd2 Ngf6 12. O-O-O Be7 13. Ne4 Nxe4 14. Qxe4
Nf6 15. Qe2 Qd5 16. c4 Qe4 17. Rde1 Qxe2 18. Rxe2 Rc8 19. Bc3 O-O 20. Ne5 Rfd8
21. b4 b5 22. c5 Nd5 23. Kc2 Bf6 24. g3 Bxe5 25. Rxe5 a5 26. a3 axb4 27. axb4
Ra8 28. Rb1 {draw offer} Ra2+ 29. Rb2 Nxc3 30. Kxc3 Rxb2 31. Kxb2 Rxd4 32. Kc3
Rc4+ 33. Kb3 Rd4 34. Kc3 Rd7 35. Re4 Kf8 36. Rd4 Rxd4 37. Kxd4 Ke7 38. f4 Kf6
39. g4 g6 40. g5+ hxg5 41. h6 gxf4 0-1

[Event "Berkeley CC Capablanca FNM; 30/90, SD/3"]
[Site "Berkeley"]
[Date "2011.09.16"]
[Round "1.12"]
[White "Woebcke, Carl"]
[Black "Jenkins, Gerl L"]
[Result "1/2-1/2"]
[WhiteElo "1832"]
[BlackElo "1506"]
[PlyCount "60"]
[EventDate "2011.??.??"]
[SourceDate "2007.10.22"]

1. e4 c5 2. Bc4 e6 3. Nc3 a6 4. a3 b5 5. Ba2 Bb7 6. d3 Nf6 7. Bg5 Be7 8. Nf3 d5
9. exd5 Nxd5 10. Bxe7 Qxe7 11. Nxd5 exd5+ 12. Qe2 Qxe2+ 13. Kxe2 O-O 14. d4 c4
15. Rhe1 Nd7 16. Kf1 Rfe8 17. Rxe8+ Rxe8 18. Re1 Kf8 19. Bb1 f6 20. c3 g6 21.
Rxe8+ Kxe8 22. Ke2 Nb6 23. Bc2 Na4 24. Bxa4 bxa4 25. Nh4 Bc8 26. h3 g5 27. Nf3
h5 28. Nh2 Bf5 29. Kd2 Kf7 30. Nf1 Ke6 1/2-1/2

[Event "Berkeley CC Christiansen FNM; 30/90, SD/"]
[Site "Berkeley"]
[Date "2012.06.01"]
[Round "4.4"]
[White "Woebcke, Carl"]
[Black "Lesquillier, Walte"]
[Result "1-0"]
[WhiteElo "1831"]
[BlackElo "1738"]
[PlyCount "61"]
[EventDate "2012.??.??"]

1. e4 c5 2. Nf3 e6 3. d4 cxd4 4. Nxd4 Nf6 5. Nc3 Nc6 6. Ndb5 d6 7. Bf4 e5 8.
Bg5 a6 9. Bxf6 gxf6 10. Na3 Be6 11. Nd5 Qa5+ 12. c3 Bxd5 13. Qxd5 Qxd5 14. exd5
Ne7 15. c4 Bg7 16. Be2 f5 17. O-O h5 18. Rfd1 e4 19. Rab1 f4 20. b4 Nf5 21. c5
f3 22. gxf3 Nd4 23. Kf1 exf3 24. Bd3 Be5 25. Nc4 f6 26. Nxd6+ Ke7 27. Nxb7 Bxh2
28. d6+ Kd7 29. Be4 Be5 30. Na5 Rab8 31. Nc4 1-0

[Event "Berkeley CC Ch2011 FNM; 30/90, SD/30"]
[Site "Berkeley"]
[Date "2011.11.11"]
[Round "2.12"]
[White "Woebcke, Carl"]
[Black "Li Jr, William"]
[Result "1-0"]
[WhiteElo "1809"]
[BlackElo "1637"]
[PlyCount "33"]
[EventDate "2011.??.??"]
[SourceDate "2007.10.22"]

1. e4 e5 2. f4 exf4 3. Nf3 d5 4. exd5 Qxd5 5. Nc3 Qa5 6. Bc4 Bg4 7. Qe2+ Ne7 8.
Bxf7+ Kxf7 9. Ne5+ Ke8 10. Nxg4 c6 11. O-O g5 12. Ne4 Bg7 13. Re1 Qb6+ 14. Kh1
Qc7 15. Nxg5 Qd7 16. Ne6 Kf7 17. Nxg7 1-0

[Event "Berkeley CS Rubinstein FNM; 30/90, SD/3"]
[Site "Berkeley"]
[Date "2011.08.05"]
[Round "2.4"]
[White "Woebcke, Carl"]
[Black "Parkin, John"]
[Result "1/2-1/2"]
[WhiteElo "1877"]
[BlackElo "1782"]
[PlyCount "35"]
[EventDate "2011.??.??"]
[SourceDate "2007.10.22"]

1. e4 d5 2. exd5 Qxd5 3. Nc3 Qd6 4. d4 Nf6 5. Nf3 c6 6. Ne5 Nbd7 7. Nc4 Qc7 8.
Qf3 Nb6 9. Bf4 Qd7 10. O-O-O Qg4 11. Qxg4 Bxg4 12. f3 Bf5 13. Nxb6 axb6 14. g4
Be6 15. Be2 b5 16. a3 Nd5 17. Nxd5 Bxd5 18. Rhf1 1/2-1/2

[Event "Berkeley CC Reti FNM; 30/90, SD/60"]
[Site "Berkeley CA"]
[Date "2011.04.29"]
[Round "2.4"]
[White "Wong, Henry"]
[Black "Chamberlain, Ethan"]
[Result "1-0"]
[WhiteElo "1593"]
[BlackElo "1878"]
[PlyCount "53"]
[EventDate "2011.??.??"]
[SourceDate "2007.10.22"]

1. d4 Nf6 2. c4 g6 3. Nc3 d5 4. Nf3 Bg7 5. Bf4 O-O 6. e3 c6 7. Bd3 Qa5 8. O-O
Nbd7 9. h3 dxc4 10. Bxc4 Nh5 11. Bh2 c5 12. Nd5 cxd4 13. exd4 e5 14. dxe5 Bh6
15. e6 Nb6 16. exf7+ Kh8 17. Be5+ Ng7 18. Nxb6 Qxb6 19. Qd6 Bf5 20. Qxb6 axb6
21. g4 Be4 22. g5 Rxf7 23. gxh6 Kg8 24. Ng5 Nh5 25. Bxf7+ Kf8 26. Rfe1 Bc6 27.
Bd6# 1-0

[Event "Berkeley CC Reti FNM; 30/90, SD/60"]
[Site "Berkeley CA"]
[Date "2011.05.06"]
[Round "3.3"]
[White "Wong, Henry"]
[Black "Krasnov, Steven Le"]
[Result "1/2-1/2"]
[WhiteElo "1593"]
[BlackElo "1968"]
[PlyCount "77"]
[EventDate "2011.??.??"]
[SourceDate "2007.10.22"]

1. d4 d5 2. c4 c6 3. Nc3 Nf6 4. Bf4 e6 5. Nf3 Nbd7 6. e3 Be7 7. Bd3 O-O 8. O-O
Nh5 9. Re1 Nxf4 10. exf4 Nf6 11. Qc2 h6 12. Rad1 b6 13. Ne5 Bb7 14. Qe2 dxc4
15. Bxc4 Nd5 16. Nxd5 cxd5 17. Bd3 Bb4 18. Rf1 Rc8 19. Qh5 Bc6 20. g4 Be8 21.
Kh1 Bd6 22. g5 f6 23. Ng6 Bxf4 24. gxh6 Bxh6 25. Rg1 f5 26. Rg2 Rf6 27. Rdg1
Rxg6 28. Rxg6 Bxg6 29. Rxg6 Kh7 30. Rxe6 Rc1+ 31. Kg2 Qg5+ 32. Qxg5 Bxg5 33.
Bxf5+ Kg8 34. Re8+ Kf7 35. Ra8 Rc7 36. Kg3 Bf6 37. b3 Bxd4 38. Rd8 g6 39. Rd7+
1/2-1/2

[Event "Berkeley CC Colle FNM; 30/90, SD/30"]
[Site "Berkeley"]
[Date "2011.06.17"]
[Round "2.13"]
[White "Wong, Henry"]
[Black "Stearman, Josiah P"]
[Result "1-0"]
[WhiteElo "1587"]
[BlackElo "1667"]
[PlyCount "25"]
[EventDate "2011.??.??"]
[SourceDate "2007.10.22"]

1. d4 d5 2. c4 e6 3. Nc3 c5 4. Nf3 Nc6 5. Bf4 Nf6 6. Nb5 Kd7 7. Ne5+ Nxe5 8.
Bxe5 Ne4 9. cxd5 exd5 10. Qa4 Qg5 11. Nc7+ b5 12. Qxb5+ Ke7 13. Qe8# 1-0

[Event "Berkeley CS Rubinstein FNM; 30/90, SD/3"]
[Site "Berkeley"]
[Date "2011.08.05"]
[Round "2.9"]
[White "Xu, Taotao"]
[Black "Lesquillier, Walter"]
[Result "0-1"]
[WhiteElo "1027"]
[BlackElo "1696"]
[PlyCount "28"]
[EventDate "2011.??.??"]
[SourceDate "2007.10.22"]

1. e4 c5 2. Nf3 e6 3. d4 cxd4 4. Nxd4 Nf6 5. Nc3 Bb4 6. Bc4 Nxe4 7. Bd2 Bxc3 8.
Bxc3 Nxc3 9. bxc3 Qc7 10. Qd3 Qe5+ 11. Ne2 b6 12. O-O Bb7 13. f4 Qe4 14. Ng3
Qxg2# 0-1

[Event "Berkeley CS Rubinstein FNM; 30/90, SD/3"]
[Site "Berkeley"]
[Date "2011.08.26"]
[Round "5.11"]
[White "Xu, Taotao"]
[Black "Wang, Michael Lei"]
[Result "0-1"]
[WhiteElo "1027"]
[BlackElo "1772"]
[PlyCount "60"]
[EventDate "2011.??.??"]
[SourceDate "2007.10.22"]

1. e4 c6 2. d4 d5 3. e5 Bf5 4. Nc3 e6 5. Nf3 c5 6. Bb5+ Nc6 7. Bg5 Qb6 8. O-O
Be7 9. Bxe7 Ngxe7 10. Qe2 O-O 11. Na4 Qc7 12. Nxc5 Nxd4 13. Nxd4 Qxc5 14. Nxf5
Nxf5 15. a3 Rfc8 16. Rac1 Nd4 17. Qd3 Nxb5 18. b4 Qc4 19. Qd2 Nc3 20. Rfe1 a5
21. bxa5 Rxa5 22. Rb1 Nxb1 23. Qxa5 Qxc2 24. Qb4 Nc3 25. h3 Ne4 26. Qxb7 Qxf2+
27. Kh2 Qg3+ 28. Kg1 Qxe1+ 29. Kh2 Qg3+ 30. Kg1 Rc1# 0-1

[Event "Berkeley CC Ch2011 FNM; 30/90, SD/30"]
[Site "Berkeley"]
[Date "2011.11.25"]
[Round "4.10"]
[White "Xu, Young"]
[Black "Fisher, Wilson"]
[Result "1-0"]
[WhiteElo "1187"]
[BlackElo "1016"]
[PlyCount "51"]
[EventDate "2011.??.??"]
[SourceDate "2007.10.22"]

1. e4 Nf6 2. e5 Nd5 3. c4 e6 4. cxd5 exd5 5. d4 f6 6. Nf3 Qe7 7. Be2 d6 8. Nc3
Qe6 9. Nb5 Na6 10. Qa4 Bd7 11. O-O O-O-O 12. Qa5 dxe5 13. dxe5 Bb4 14. Qa4 fxe5
15. Nxa7+ Kb8 16. Nb5 e4 17. Nfd4 Qb6 18. Be3 c5 19. Bf4+ Kc8 20. Nd6+ Qxd6 21.
Qxb4 Qxf4 22. Qa5 Nc7 23. Rac1 Qf8 24. Rxc5 Bc6 25. Nxc6 bxc6 26. Rxc6 1-0

[Event "Berkeley CC De Firmian FNM; 30/90, SD/30"]
[Site "Berkeley"]
[Date "2012.04.06"]
[Round "2.10"]
[White "Xu, Young"]
[Black "Glasscoe, Alan"]
[Result "0-1"]
[WhiteElo "1157"]
[BlackElo "1808"]
[PlyCount "120"]
[EventDate "2012.??.??"]

1. e4 Nc6 2. d4 d5 3. e5 Bf5 4. Nc3 e6 5. Nf3 Nge7 6. Bd3 Bg6 7. Bf4 a6 8. Qd2
Qd7 9. h3 Bxd3 10. Qxd3 Ng6 11. Bg3 Be7 12. O-O O-O 13. a3 Na5 14. b4 Nc4 15.
Na2 b6 16. Qb3 a5 17. bxa5 Nxa5 18. Qb2 Nc4 19. Qc1 Rxa3 20. c3 Rfa8 21. Qc2 c5
22. dxc5 bxc5 23. Rfe1 Qa7 24. Re2 Qa5 25. h4 Rxc3 26. Nxc3 Qxa1+ 27. Re1 Qb2
28. Qd3 Ra3 29. Rb1 Qxc3 30. Qd1 Qd3 31. Qc1 Rc3 32. Qe1 Na3 33. Ra1 Nf8 34.
Rd1 Qc2 35. Rd2 Qb3 36. Rd1 Rxf3 37. gxf3 Qxf3 38. Ra1 Nc2 39. Qb1 Nxa1 40.
Qxa1 c4 41. Qa7 Bb4 42. Qb6 Bd2 43. Qb2 Bf4 44. Qd4 Bxg3 45. fxg3 Qxg3+ 46. Kf1
Qd3+ 47. Qxd3 cxd3 48. Ke1 Nd7 49. Kd2 Nxe5 50. Ke3 f5 51. Kd2 d4 52. Ke1 Nc4
53. Kd1 e5 54. Ke1 e4 55. Kd1 f4 56. Ke1 e3 57. Kd1 f3 58. Ke1 d2+ 59. Kd1 d3
60. h5 e2# 0-1

[Event "Berkeley CS Rubinstein FNM; 30/90, SD/3"]
[Site "Berkeley"]
[Date "2011.08.19"]
[Round "4.8"]
[White "Xu, Young"]
[Black "Motschenbacher, Von"]
[Result "0-1"]
[WhiteElo "1239"]
[BlackElo "1772"]
[PlyCount "120"]
[EventDate "2011.??.??"]
[SourceDate "2007.10.22"]

1. e4 e6 2. d4 d5 3. e5 c5 4. c3 Nc6 5. Nf3 Bd7 6. Bd3 cxd4 7. cxd4 Qb6 8. Bc2
Nb4 9. Bb3 Bb5 10. Nc3 Nd3+ 11. Kd2 Nxf2 12. Qc2 Bd3 13. Ba4+ Kd8 14. Qb3 Qxb3
15. axb3 Nxh1 16. Kxd3 Nf2+ 17. Ke2 Ng4 18. h3 N4h6 19. g4 g6 20. Bg5+ Be7 21.
Bd2 a6 22. b4 Bxb4 23. Rg1 Rc8 24. h4 b5 25. Bc2 Bxc3 26. bxc3 b4 27. Bg5+ Kc7
28. cxb4 Kb6 29. Ba4 Rc4 30. Bd8+ Kb7 31. Kd3 Rxb4 32. Bc2 Nxg4 33. Rxg4 Nh6
34. Bf6 Nxg4 35. Bxh8 Nh6 36. Bg7 Nf5 37. Kc3 a5 38. Bf6 Rc4+ 39. Kd3 a4 40.
Nd2 Rxd4+ 41. Kc3 Rf4 42. Kb2 a3+ 43. Kxa3 Rf2 44. Bg5 Nd4 45. Ba4 Nc6 46. Nb3
Nxe5 47. Be3 Nc4+ 48. Kb4 Nxe3 49. Nc5+ Kc7 50. Na6+ Kd6 51. Ka5 Nc4+ 52. Kb5
Rb2+ 53. Nb4 e5 54. Bd1 e4 55. Be2 Rxe2 56. h5 Rh2 57. hxg6 hxg6 58. Ka4 Kc5
59. Kb3 Rb2+ 60. Ka4 Rxb4# 0-1

[Event "Berkeley CS Rubinstein FNM; 30/90, SD/3"]
[Site "Berkeley"]
[Date "2011.09.02"]
[Round "6.10"]
[White "Xu, Young"]
[Black "Quadir, Mahiuddin"]
[Result "0-1"]
[WhiteElo "1239"]
[BlackElo "1667"]
[PlyCount "66"]
[EventDate "2011.??.??"]
[SourceDate "2007.10.22"]

1. e4 e5 2. Nf3 Nc6 3. Bc4 Nd4 4. Nxe5 Qg5 5. c3 Qxg2 6. cxd4 Qxh1+ 7. Ke2
Qxe4+ 8. Kf1 Qh1+ 9. Ke2 Qxd1+ 10. Kxd1 Nh6 11. d3 f6 12. Nf3 Nf5 13. Nc3 c6
14. Bf4 d5 15. Bb3 Bd6 16. Bxd6 Nxd6 17. Kc2 O-O 18. Ne4 Nxe4 19. dxe4 Be6 20.
Kd2 Rae8 21. Nh4 dxe4 22. Bxe6+ Rxe6 23. Rg1 Kh8 24. Nf5 g6 25. d5 cxd5 26. Nd4
Rb6 27. Kc3 Rc8+ 28. Kd2 Rxb2+ 29. Kd1 Rb1+ 30. Ke2 Rxg1 31. Ke3 Rc3+ 32. Kf4
Rg2 33. Ne2 Rf3# 0-1